000 00581nam a2200277Ia 4500
005 20260401122153.0
008 008 250103s9999 xx 000 0 eng d
020 _a817201385X
037 _aTB
040 _aEDL
040 _beng
040 _cEDL
041 _2eng
041 _aeng
084 _aIn821 NAR
084 _qEDL
245 0 _aEast West Poetics at Work
260 _aNew Delhi
260 _bSahitya Akademi
260 _c1994
300 _a292p
942 _cTB
942 _hIn821 NAR
999 _c1845394
_d1845394